| 000 | 00588nam a2200193 a 4500 | ||
|---|---|---|---|
| 001 | 1734 | ||
| 003 | CDMR | ||
| 005 | 20151026104202.0 | ||
| 008 | 130130s1972||||||||||||||||||||||||||||d | ||
| 040 |
_aCDMR _bcat _cCDMR |
||
| 100 | 1 |
_aHaskobek, Slavoj _91294 |
|
| 245 | 1 | 0 |
_aIntroduction to news agency journalism _cSlavoj Haskovec, Faroslav First |
| 260 |
_aPraga _c1972 _bInternational Organization of Journalists |
||
| 300 | _a138 p. | ||
| 490 | 0 |
_aJournalist Library _v5 |
|
| 650 | 0 | 4 |
_93782 _aPeriodistes _xPràctica professional |
| 650 | 0 | 4 |
_91890 _aAgències de notícies |
| 942 |
_cMON _2udc |
||
| 999 |
_c1734 _d1734 |
||